[Event "World Rapid 2017"]
[Site "Riyadh KSA"]
[Date "2017.12.28"]
[Round "14.23"]
[White "Zhao, Jun"]
[Black "Adhiban, Baskaran"]
[Result "1-0"]
[WhiteTitle "GM"]
[BlackTitle "GM"]
[WhiteElo "2604"]
[BlackElo "2655"]
[WhiteFideId "8602522"]
[BlackFideId "5018471"]
[EventDate "2017.12.26"]

1. Nf3 Nf6 2. g3 d6 3. d4 g6 4. Bg2 Bg7 5. O-O O-O 6. a4 c6 7. Nc3 Nbd7 8. e4 e5
9. Re1 Re8 10. h3 Qc7 11. a5 Rb8 12. b3 b5 13. axb6 axb6 14. Ba3 Bf8 15. d5 Bb7
16. dxc6 Bxc6 17. Nd2 b5 18. Bb4 Ra8 19. Qe2 Qb6 20. Qd3 Nc5 21. Qe3 Qb7 22.
Rxa8 Qxa8 23. Qf3 Bh6 24. Nd5 Bxd5 25. exd5 Nfd7 26. Ne4 Nxe4 27. Qxe4 Bf8 28.
Qd3 Qb7 29. Ra1 e4 30. Bxe4 Ne5 31. Qf1 Qb6 32. c3 Nd7 33. Bd3 Ne5 34. Bxb5 Rb8
35. Be2 Qb7 36. Qd1 h5 37. h4 Re8 38. Kh2 Bg7 39. Ra6 Nf3+ 40. Kg2 Nd4 41. Bc4
Nf5 42. Ra2 Be5 43. Re2 Qd7 44. Qd3 Ra8 45. Qf3 Ra1 46. Qe4 Rc1 47. Re1 Rxe1 48.
Qxe1 Qa7 49. Bd3 Ne7 50. c4 Qb7 51. Bc2 Qc7 52. Bc3 Bxc3 53. Qxc3 Nxd5 54. Qd4
Nb4 55. Be4 Qe7 56. Bf3 Nc2 57. Qd1 Nb4 58. Qd2 Na6 59. b4 Qc7 60. Bd5 Qb6 61.
Qh6 Qc7 62. b5 Nc5 63. Qxg6+ Kf8 64. Qxh5 Kg7 65. Qg5+ Kf8 66. h5 Nd3 67. h6 Ne5
68. Qg7+ Ke7 69. h7 1-0

[Event "World Rapid 2017"]
[Site "Riyadh KSA"]
[Date "2017.12.28"]
[Round "14.24"]
[White "Vallejo Pons, Francisco"]
[Black "Aronian, Levon"]
[Result "0-1"]
[WhiteTitle "GM"]
[BlackTitle "GM"]
[WhiteElo "2707"]
[BlackElo "2805"]
[WhiteFideId "2205530"]
[BlackFideId "13300474"]
[EventDate "2017.12.26"]

1. e4 e5 2. Nf3 Nc6 3. Bb5 a6 4. Ba4 Nf6 5. O-O Be7 6. Qe2 b5 7. Bb3 O-O 8. d4
Nxd4 9. Nxd4 exd4 10. e5 Ne8 11. c3 c5 12. cxd4 cxd4 13. Rd1 Qb6 14. Nd2 Nc7 15.
Nf3 Ne6 16. Bd5 Rb8 17. Qe4 d6 18. Bxe6 fxe6 19. exd6 Bxd6 20. Ng5 Rf5 21. g4
Rxg5 22. Bxg5 Bb7 23. Qxd4 Qc6 24. Kf1 Bc5 25. Qf4 Rf8 26. Rd8 Rxd8 27. Bxd8
Qh1+ 28. Ke2 Qxa1 29. Qe5 Bd5 30. Ba5 Qxa2 31. Bc3 Bf8 0-1

[Event "World Rapid 2017"]
[Site "Riyadh KSA"]
[Date "2017.12.28"]
[Round "14.25"]
[White "Karjakin, Sergey"]
[Black "Miton, Kamil"]
[Result "1-0"]
[WhiteTitle "GM"]
[BlackTitle "GM"]
[WhiteElo "2760"]
[BlackElo "2584"]
[WhiteFideId "14109603"]
[BlackFideId "1111914"]
[EventDate "2017.12.26"]

1. e4 e6 2. d4 d5 3. Nc3 dxe4 4. Nxe4 Bd7 5. Nf3 Bc6 6. Bd3 Nd7 7. O-O Ngf6 8.
Ng3 g6 9. c4 Bg7 10. Re1 O-O 11. Bf4 b6 12. b4 Bb7 13. a4 a5 14. b5 c5 15. bxc6
Bxc6 16. Bf1 Re8 17. Qb3 Bf8 18. Red1 Qc8 19. h3 Qb7 20. Rd3 Rac8 21. Rad1 Qa8
22. Qa2 Bb7 23. Re3 Bc6 24. Bd3 Bb7 25. Kh2 Bc6 26. Bb1 Bb7 27. Ne5 Bg7 28. Qe2
Red8 29. d5 Nc5 30. Bg5 Re8 31. Qf3 exd5 32. Bxf6 d4 33. Qf4 Ne6 34. Qh4 dxe3
35. Bxg7 Kxg7 36. Rd7 Nd8 37. Nh5+ gxh5 38. Qg5+ Kh8 39. Nxf7+ Nxf7 40. Qf6+ 1-0

[Event "World Rapid 2017"]
[Site "Riyadh KSA"]
[Date "2017.12.28"]
[Round "14.26"]
[White "Fedorchuk, Sergey A."]
[Black "Moiseenko, Alexander"]
[Result "0-1"]
[WhiteTitle "GM"]
[BlackTitle "GM"]
[WhiteElo "2648"]
[BlackElo "2667"]
[WhiteFideId "14102536"]
[BlackFideId "14102560"]
[EventDate "2017.12.26"]

1. e4 c5 2. Nf3 Nc6 3. Bb5 e6 4. O-O Nge7 5. c3 a6 6. Ba4 b5 7. Bc2 Bb7 8. Qe2
d5 9. e5 d4 10. Be4 Nd5 11. d3 dxc3 12. bxc3 b4 13. c4 Nb6 14. a3 a5 15. a4 Be7
16. Nbd2 Qc7 17. Nb3 O-O 18. Bb2 h6 19. Qe3 Nd7 20. Rfe1 Rfd8 21. Nbd2 Bf8 22.
h4 Ne7 23. g4 Nb6 24. Bxb7 Qxb7 25. Ne4 Qc6 26. Nf6+ Kh8 27. h5 Nxa4 28. Rxa4
Qxa4 29. Qe4 gxf6 30. exf6 Nf5 31. Ne5 Nd6 32. Ng6+ Kg8 33. Qf4 Qc2 34. Be5 fxg6
35. hxg6 Nf7 36. gxf7+ Kxf7 37. Ba1 Qxd3 38. Qe5 Rd6 39. Qxc5 Qg6 40. f3 Rad8
41. Qxa5 Rd1 42. Rxd1 Rxd1+ 43. Kg2 Qc2+ 44. Kg3 Bd6+ 0-1

[Event "World Rapid 2017"]
[Site "Riyadh KSA"]
[Date "2017.12.28"]
[Round "14.27"]
[White "Nguyen, Ngoc Truong Son"]
[Black "Howell, David W L"]
[Result "1/2-1/2"]
[WhiteTitle "GM"]
[BlackTitle "GM"]
[WhiteElo "2630"]
[BlackElo "2676"]
[WhiteFideId "12401110"]
[BlackFideId "410608"]
[EventDate "2017.12.26"]

1. d4 Nf6 2. Nf3 g6 3. Bg5 Bg7 4. Nbd2 O-O 5. c3 d6 6. e4 c5 7. dxc5 dxc5 8. Bc4
Nc6 9. O-O Qc7 10. Qc2 Na5 11. Be2 h6 12. Bh4 Nh5 13. Rfe1 Be6 14. Qa4 g5 15.
Bg3 Nxg3 16. hxg3 a6 17. Nf1 b5 18. Qc2 Rfd8 19. Ne3 Rd7 20. Nf5 Bxf5 21. exf5
Rad8 22. Rad1 Nb7 23. Nh2 Rxd1 24. Rxd1 Rxd1+ 25. Qxd1 Qd6 26. Qc2 c4 27. Qe4
Qd7 28. Ng4 Nd6 29. Qa8+ Qc8 30. Qxc8+ Nxc8 31. Ne3 Nb6 32. Bd1 a5 33. a4 bxa4
34. Be2 a3 35. bxa3 Bxc3 36. Nxc4 Nxc4 37. Bxc4 Kg7 38. g4 1/2-1/2

[Event "World Rapid 2017"]
[Site "Riyadh KSA"]
[Date "2017.12.28"]
[Round "14.28"]
[White "Jobava, Baadur"]
[Black "Jumabayev, Rinat"]
[Result "1-0"]
[WhiteTitle "GM"]
[BlackTitle "GM"]
[WhiteElo "2690"]
[BlackElo "2612"]
[WhiteFideId "13601520"]
[BlackFideId "13702661"]
[EventDate "2017.12.26"]

1. e4 c5 2. Nf3 d6 3. c3 Nf6 4. Bd3 Bg4 5. Bc2 e6 6. d3 Nc6 7. h3 Bh5 8. Bf4 Be7
9. Nbd2 b5 10. Qe2 O-O 11. g4 Bg6 12. O-O-O e5 13. Bg5 b4 14. c4 Nd7 15. Bxe7
Nxe7 16. Nf1 a5 17. Ba4 Nb6 18. Bb5 a4 19. Ne3 Ra5 20. h4 f6 21. h5 Bf7 22. g5
fxg5 23. Nxg5 h6 24. Rdg1 hxg5 25. Rxg5 Kh8 26. Qg4 Rg8 27. Rg6 Qf8 28. Nf5 Nxf5
29. exf5 1-0

[Event "World Rapid 2017"]
[Site "Riyadh KSA"]
[Date "2017.12.28"]
[Round "14.29"]
[White "Salgado Lopez, Ivan"]
[Black "Leko, Peter"]
[Result "1/2-1/2"]
[WhiteTitle "GM"]
[BlackTitle "GM"]
[WhiteElo "2644"]
[BlackElo "2691"]
[WhiteFideId "2257327"]
[BlackFideId "703303"]
[EventDate "2017.12.26"]

1. Nf3 Nf6 2. b3 c5 3. Bb2 e6 4. e3 b6 5. Be2 Bb7 6. O-O Be7 7. d4 O-O 8. c4
cxd4 9. Nxd4 a6 10. Nc3 d6 11. Bf3 Qc7 12. Rc1 Nbd7 13. Qe2 Rac8 14. Rfd1 Rfd8
15. h3 Bf8 16. g4 Ne5 17. Bxb7 Qxb7 18. f4 Nc6 19. g5 Ne8 20. Qg2 Rd7 21. Nxc6
Qxc6 22. Ne4 Qb7 23. h4 d5 24. cxd5 Rxd5 25. h5 Qd7 26. Qe2 Rxc1 27. Rxc1 Nd6
28. Nxd6 Rxd6 29. Bd4 b5 30. Qc2 Rd5 31. Qe4 a5 32. Rc2 Qb7 33. Kf2 a4 34. Rc1
axb3 35. axb3 Qd7 36. Kg3 h6 37. gxh6 Rxh5 38. hxg7 Bxg7 39. Qa8+ Kh7 40. Bxg7
Kxg7 41. Rc8 Qd1 42. Rg8+ Kf6 43. Qd8+ Qxd8 44. Rxd8 Rc5 45. Rb8 Rc3 46. Rxb5
Rxe3+ 47. Kg4 Rd3 48. Rb7 Kg6 49. f5+ exf5+ 50. Kf4 f6 51. b4 Rb3 52. b5 Rb4+
53. Kf3 f4 54. b6 Kf5 55. Rb8 Rb3+ 56. Kf2 Ke4 57. Re8+ Kd5 58. Rb8 Kc6 59. Rf8
Rxb6 60. Rxf6+ Kc5 61. Rxb6 Kxb6 62. Kf3 Kc5 63. Kxf4 1/2-1/2

[Event "World Rapid 2017"]
[Site "Riyadh KSA"]
[Date "2017.12.28"]
[Round "14.30"]
[White "Laznicka, Viktor"]
[Black "Sjugirov, Sanan"]
[Result "0-1"]
[WhiteTitle "GM"]
[BlackTitle "GM"]
[WhiteElo "2647"]
[BlackElo "2650"]
[WhiteFideId "316385"]
[BlackFideId "4189302"]
[EventDate "2017.12.26"]

1. c4 e5 2. Nc3 d6 3. g3 f5 4. Bg2 Nf6 5. d4 Be7 6. Nf3 e4 7. Ng5 c6 8. d5 Nxd5
9. Ngxe4 Nb6 10. Nd2 Bf6 11. Qc2 O-O 12. O-O Be6 13. Rd1 Na6 14. a3 Qe7 15. b3
d5 16. cxd5 cxd5 17. Nf3 Qc5 18. Rd3 d4 19. Nxd4 Bxd4 20. Bxb7 Rad8 21. Bxa6
Bxf2+ 22. Kf1 f4 23. gxf4 Bh4 24. e3 Rxd3 25. Bxd3 Rxf4+ 0-1

[Event "World Rapid 2017"]
[Site "Riyadh KSA"]
[Date "2017.12.28"]
[Round "14.31"]
[White "Ponomariov, Ruslan"]
[Black "Volokitin, Andrei"]
[Result "0-1"]
[WhiteTitle "GM"]
[BlackTitle "GM"]
[WhiteElo "2694"]
[BlackElo "2628"]
[WhiteFideId "14103320"]
[BlackFideId "14107090"]
[EventDate "2017.12.26"]

1. e4 c5 2. Nf3 d6 3. d4 cxd4 4. Qxd4 Nc6 5. Bb5 Bd7 6. Qd3 g6 7. c4 Bg7 8. Nc3
Nf6 9. h3 Nb4 10. Qe2 a6 11. Bxd7+ Nxd7 12. O-O Bxc3 13. bxc3 Nc6 14. Rb1 Qc7
15. Bh6 Rc8 16. Rfd1 f6 17. Nd4 Na5 18. Rb4 Ne5 19. a4 Qd7 20. Qa2 Nf7 21. Be3
O-O 22. Nf3 Nc6 23. Rb2 Qe6 24. Rxb7 Qxe4 25. Rb6 Nb8 26. c5 dxc5 27. Re6 Qb7
28. Qc4 Nc6 29. Qxc5 Nd4 30. Qxe7 Nxf3+ 31. gxf3 Qxf3 32. Rd7 Rb8 33. Bb6 Qxh3
34. Qxf6 Rxb6 0-1

[Event "World Rapid 2017"]
[Site "Riyadh KSA"]
[Date "2017.12.28"]
[Round "14.32"]
[White "Ponkratov, Pavel"]
[Black "Petrosian, Tigran L."]
[Result "1-0"]
[WhiteTitle "GM"]
[BlackTitle "GM"]
[WhiteElo "2613"]
[BlackElo "2601"]
[WhiteFideId "4157800"]
[BlackFideId "13301616"]
[EventDate "2017.12.26"]

1. e4 d6 2. d4 g6 3. h4 Nf6 4. Nc3 Bg7 5. f3 c6 6. Be3 b5 7. Qd2 h6 8. g4 Nbd7
9. Nge2 Qa5 10. Ng3 Nb6 11. Nb1 Qa6 12. b3 Qb7 13. a4 bxa4 14. bxa4 Be6 15. Nc3
Nc4 16. Bxc4 Bxc4 17. h5 g5 18. Nf5 Bf8 19. Rb1 Qc7 20. d5 c5 21. Bf2 e6 22. Ne3
Ba6 23. Bg3 e5 24. Nb5 Qd8 25. O-O Be7 26. Nf5 Bc8 27. Ne3 O-O 28. Rb3 Bd7 29.
Rfb1 Ne8 30. Nc4 Rb8 31. Nxa7 Rxb3 32. cxb3 Qa8 33. Nb5 Bxb5 34. axb5 Nc7 35. b6
Nb5 36. Qb2 Bd8 37. b4 Qc8 38. Bf2 Nd4 39. Kg2 f5 40. Nxd6 Qa6 41. Nxf5 Bxb6 42.
bxc5 Bxc5 43. Qb7 Qf6 44. Bxd4 exd4 45. Qc7 d3 46. Qxc5 1-0

[Event "World Rapid 2017"]
[Site "Riyadh KSA"]
[Date "2017.12.28"]
[Round "14.33"]
[White "Short, Nigel D"]
[Black "Li, Chao b"]
[Result "1/2-1/2"]
[WhiteTitle "GM"]
[BlackTitle "GM"]
[WhiteElo "2678"]
[BlackElo "2732"]
[WhiteFideId "400025"]
[BlackFideId "8604436"]
[EventDate "2017.12.26"]

1. e4 c5 2. Nf3 d6 3. d4 cxd4 4. Nxd4 Nf6 5. Nc3 Nc6 6. Bg5 e6 7. Qd2 a6 8.
O-O-O Bd7 9. f3 Be7 10. h4 h6 11. Be3 h5 12. Kb1 Qc7 13. Bg5 Ne5 14. Bd3 b5 15.
Rhe1 b4 16. Nce2 a5 17. f4 Neg4 18. Ng1 Qc5 19. Ngf3 a4 20. e5 dxe5 21. fxe5 Nd5
22. Bxe7 Nxe7 23. Be4 Ra7 24. Re2 g6 25. Qg5 O-O 26. Red2 Bb5 27. Bxg6 Nxg6 28.
Nxe6 fxe6 29. Qxg6+ Rg7 30. Qxe6+ Kh8 31. Ng5 Bc4 32. Qd6 Qxd6 33. exd6 b3 34.
axb3 axb3 35. Re1 Rd7 36. Rd4 Bg8 37. cxb3 Bxb3 38. Ne4 Rc8 39. Rc1 Ba2+ 40.
Kxa2 Rxc1 41. b4 Ne5 42. Rd5 Nf7 43. Nf6 Ra7+ 44. Kb3 Rc6 45. b5 Rb6 46. Ne4 Kg7
47. Kb4 Rb8 48. d7 Ra2 49. g3 Re2 50. Nd6 Nxd6 51. Rxd6 Rd8 52. Rd5 Kf6 53. Rxh5
Rxd7 54. Rg5 Rb2+ 55. Kc5 Rd3 56. Kc6 Rc3+ 57. Kb6 Rc4 58. Ka6 Ra2+ 59. Kb7 Ra3
60. Kb6 Rb4 61. Kc6 Rc3+ 62. Kb7 Rbb3 63. Ka6 Ra3+ 64. Kb7 Ke6 65. g4 Rab3 66.
h5 Rf3 67. b6 Kd6 68. Rg6+ Kc5 69. Rg5+ Kc4 70. Rg6 Kb5 71. Rg5+ Ka4 72. Rg6
Rf7+ 73. Kc6 Ka5 74. Kd5 Rb5+ 75. Ke4 Kb4 76. h6 Rc5 77. g5 Kb5 78. Rf6 Re7+ 79.
Kf4 Rc4+ 80. Kf5 Rc5+ 81. Kg4 Re4+ 82. Kh5 Re7 83. Rg6 Ka6 84. Rg7 Re1 85. b7
Rh1+ 86. Kg6 Ka7 87. Kh7 Rh2 88. Kh8 Rh5 89. h7 Rcxg5 90. Rxg5 Rxg5 91. b8=Q+
Kxb8 1/2-1/2

[Event "World Rapid 2017"]
[Site "Riyadh KSA"]
[Date "2017.12.28"]
[Round "14.34"]
[White "Amonatov, Farrukh"]
[Black "Mchedlishvili, Mikheil"]
[Result "1/2-1/2"]
[WhiteTitle "GM"]
[BlackTitle "GM"]
[WhiteElo "2636"]
[BlackElo "2603"]
[WhiteFideId "14700077"]
[BlackFideId "13600966"]
[EventDate "2017.12.26"]

1. e4 d6 2. d4 Nf6 3. Nc3 g6 4. Bg5 Bg7 5. Qd2 h6 6. Bh4 O-O 7. f4 e5 8. dxe5
Nxe4 9. Bxd8 Nxd2 10. Bxc7 Nxf1 11. Kxf1 dxe5 12. Bxe5 Bxe5 13. fxe5 Nc6 14. Nf3
Bf5 15. Rc1 Rae8 16. Nd5 Kg7 17. Nc7 Re7 18. Nd5 Ree8 19. Nc7 Re7 20. Nd5 Ree8
21. e6 1/2-1/2

[Event "World Rapid 2017"]
[Site "Riyadh KSA"]
[Date "2017.12.28"]
[Round "14.35"]
[White "Bacrot, Etienne"]
[Black "Potkin, Vladimir"]
[Result "1/2-1/2"]
[WhiteTitle "GM"]
[BlackTitle "GM"]
[WhiteElo "2725"]
[BlackElo "2574"]
[WhiteFideId "605506"]
[BlackFideId "4131061"]
[EventDate "2017.12.26"]

1. e4 c5 2. Nf3 d6 3. Bb5+ Bd7 4. c4 Nf6 5. Nc3 g6 6. O-O Bg7 7. d4 O-O 8. dxc5
dxc5 9. e5 Ng4 10. Bf4 Nc6 11. Re1 a6 12. Ba4 Nh6 13. Ne4 b6 14. e6 fxe6 15.
Bxh6 Bxh6 16. Neg5 Bxg5 17. Nxg5 Nd4 18. Bxd7 Qxd7 19. Nxe6 Rf6 20. Nxd4 cxd4
21. Qd3 Raf8 22. f3 Rc8 23. Re4 Rd6 24. Rae1 e6 25. b4 a5 26. bxa5 bxa5 27. h4
Qc6 28. Rc1 Qc5 29. Kh2 Kg7 30. Kg3 Rc7 31. Qd2 d3 32. Qc3+ Kg8 33. Rd1 Rcd7 34.
Rd2 Rd4 35. Rxe6 Qxc4 36. Qxc4 Rxc4 37. Re3 Rc3 38. Kf4 Kf7 39. Re4 Rc2 40. Ke3
Rc3 41. Ra4 Rd5 42. g3 Ke6 43. Re4+ Kd7 44. Rd4 Rxd4 45. Kxd4 Ra3 46. Ke5 Ke7
47. g4 Rc3 48. f4 Rc2 49. Rxd3 Re2+ 50. Kd5 Rxa2 51. Rb3 Rd2+ 52. Ke4 Rd7 53.
Ra3 Ra7 54. f5 gxf5+ 55. Kxf5 a4 56. Kg5 Ra6 57. Kf5 Ra5+ 58. Ke4 Kd6 59. Kd4
Ra8 60. g5 Ke6 61. Ke4 Ra5 62. Kf4 Kf7 63. h5 Ke6 64. Re3+ Kf7 65. Ra3 Kg7 66.
Kg4 h6 67. gxh6+ Kxh6 68. Kf4 Rxh5 69. Ke4 Kg6 1/2-1/2

[Event "World Rapid 2017"]
[Site "Riyadh KSA"]
[Date "2017.12.28"]
[Round "14.36"]
[White "Ganguly, Surya Shekhar"]
[Black "McShane, Luke J"]
[Result "1-0"]
[WhiteTitle "GM"]
[BlackTitle "GM"]
[WhiteElo "2650"]
[BlackElo "2640"]
[WhiteFideId "5002150"]
[BlackFideId "404853"]
[EventDate "2017.12.26"]

1. c4 b6 2. d4 e6 3. a3 f5 4. Nc3 Nf6 5. Bf4 g6 6. h4 Bg7 7. h5 Nxh5 8. Rxh5
gxh5 9. e4 O-O 10. e5 Nc6 11. Qxh5 Nxd4 12. O-O-O c5 13. Rd3 d6 14. Rh3 Rf7 15.
Qxh7+ Kf8 16. Qh8+ Bxh8 17. Rxh8+ Kg7 18. Rxd8 Rd7 19. Rxd7+ Bxd7 20. Nce2 Nc6
21. Nf3 d5 22. Ng3 dxc4 23. Bxc4 Na5 24. Be2 Bc6 25. Bg5 Nb3+ 26. Kd1 Bd5 27.
Bf6+ Kg6 28. Ng5 Nd4 29. Bh5+ Kh6 30. Nf7+ Kh7 31. Ng5+ Kh6 32. Bf7 Rc8 33. f4
Rc6 34. Nh5 Bxg2 35. Bg7# 1-0

[Event "World Rapid 2017"]
[Site "Riyadh KSA"]
[Date "2017.12.28"]
[Round "14.37"]
[White "Georgiev, Kiril"]
[Black "Melkumyan, Hrant"]
[Result "0-1"]
[WhiteTitle "GM"]
[BlackTitle "GM"]
[WhiteElo "2623"]
[BlackElo "2633"]
[WhiteFideId "2900017"]
[BlackFideId "13302485"]
[EventDate "2017.12.26"]

1. d4 Nf6 2. c4 g6 3. Nc3 Bg7 4. Nf3 O-O 5. Bf4 d6 6. e3 Nc6 7. h3 Nd7 8. Be2 h6
9. O-O e5 10. Bh2 Re8 11. Rc1 exd4 12. Nxd4 Nde5 13. Nf3 a5 14. Qd2 Nxf3+ 15.
Bxf3 Ne5 16. Be2 Be6 17. b3 Nd7 18. Rfd1 Nc5 19. Bf3 Bd7 20. Nd5 Bc6 21. Qe2 Qc8
22. Nf4 Qf5 23. Nd5 Qc8 24. Nc3 Qf5 25. Bg4 Qg5 26. Nd5 Bxd5 27. cxd5 h5 28. Bf3
Be5 29. Bxe5 Qxe5 30. Qc4 Reb8 31. a3 b5 32. Qc2 b4 33. a4 Re8 34. Rd4 Re7 35.
h4 Rae8 36. Qd1 Qf6 37. Rcc4 Re5 38. g3 Rf5 39. Rf4 Rxf4 40. Rxf4 Qg7 41. Be2
Re5 42. Bc4 Re4 43. Rxe4 Nxe4 44. Qc2 Nc5 45. Kf1 Qa1+ 46. Ke2 Kf8 47. Qd1 Qe5
48. Qc2 Ke7 49. Kf3 Kd8 50. Ke2 f5 51. Qd1 Ke7 52. Qd4 Ne4 53. Ke1 Kf6 54. Bd3
Nc5 55. Bc4 Qxd4 56. exd4 Ne4 57. Ke2 g5 58. Ke3 Nc3 59. Kf3 Nb1 60. Ke2 f4 61.
Bd3 Nc3+ 62. Kf3 fxg3 63. fxg3 Nxd5 64. Bb5 g4+ 65. Kf2 Nc3 66. Bd3 c5 67. dxc5
dxc5 68. Ke3 Ke5 69. Bg6 c4 70. bxc4 Nxa4 71. Bxh5 Nc5 72. Bxg4 a4 73. Kd2 a3
74. Kc2 Kd4 75. h5 b3+ 76. Kb1 Ne4 77. h6 Nc3+ 78. Kc1 b2+ 0-1

[Event "World Rapid 2017"]
[Site "Riyadh KSA"]
[Date "2017.12.28"]
[Round "14.38"]
[White "Bocharov, Dmitry"]
[Black "Almasi, Zoltan"]
[Result "0-1"]
[WhiteTitle "GM"]
[BlackTitle "GM"]
[WhiteElo "2583"]
[BlackElo "2682"]
[WhiteFideId "4138716"]
[BlackFideId "702293"]
[EventDate "2017.12.26"]

1. c4 c5 2. g3 g6 3. Bg2 Bg7 4. Nc3 Nc6 5. Nf3 d6 6. O-O e6 7. e3 Nge7 8. d4 O-O
9. Re1 b6 10. b3 Bb7 11. Bb2 Rb8 12. d5 exd5 13. cxd5 Nb4 14. e4 b5 15. Qd2 c4
16. Nd1 Nd3 17. Bxg7 Kxg7 18. Re3 Kg8 19. bxc4 bxc4 20. Qc3 Ba6 21. Nd2 Ne5 22.
f4 Ng4 23. Re2 f5 24. Ne3 Qb6 25. Kh1 Qb2 26. Nd1 Qxc3 27. Nxc3 Rb2 28. e5 Rc2
29. h3 Rxc3 30. hxg4 Rc2 31. Rf2 c3 32. Ne4 Rb2 33. gxf5 gxf5 34. exd6 Nc8 35.
Nf6+ Rxf6 36. d7 Rf8 37. Re1 Nb6 0-1

[Event "World Rapid 2017"]
[Site "Riyadh KSA"]
[Date "2017.12.28"]
[Round "14.39"]
[White "Malakhatko, Vadim"]
[Black "Vidit, Santosh Gujrathi"]
[Result "0-1"]
[WhiteTitle "GM"]
[BlackTitle "GM"]
[WhiteElo "2542"]
[BlackElo "2715"]
[WhiteFideId "14104202"]
[BlackFideId "5029465"]
[EventDate "2017.12.26"]

1. c4 e5 2. e3 Nf6 3. Nc3 Bb4 4. Nge2 c6 5. a3 Ba5 6. b4 Bc7 7. d4 O-O 8. d5 d6
9. e4 a5 10. Rb1 axb4 11. axb4 Bb6 12. h3 cxd5 13. cxd5 Nh5 14. Ng1 Qh4 15. Qf3
Bg4 16. hxg4 Qxh1 17. Nh3 Nf4 18. Nxf4 exf4 19. Bxf4 Nd7 20. Bxd6 Rfc8 21. Ne2
Qh6 22. Bf4 Qf6 23. g5 Qe7 24. Ng3 Rc2 25. Be2 Raa2 26. Qb3 Ne5 27. Kf1 g6 28.
Bc1 Bd4 29. Be3 Rab2 30. Qxc2 Rxc2 31. Bxd4 Qxg5 32. Be3 Qe7 33. Kg1 h5 34. Bd1
Rc4 35. Bc5 Qf6 36. Bb3 Rc3 37. Ne2 Rd3 38. Bd4 Qg5 39. Kf1 Qd2 40. Bxe5 Rxb3
41. Re1 Qxb4 42. f3 Rb1 43. Rxb1 Qxb1+ 44. Kf2 Qd3 45. Nd4 Kf8 46. Kg3 Ke8 47.
Bf6 Kd7 48. e5 g5 49. e6+ fxe6 50. dxe6+ Ke8 51. Kh2 b5 52. e7 b4 53. Kg1 Qg6 0-1

[Event "World Rapid 2017"]
[Site "Riyadh KSA"]
[Date "2017.12.28"]
[Round "14.40"]
[White "Riazantsev, Alexander"]
[Black "Esipenko, Andrey"]
[Result "1-0"]
[WhiteTitle "GM"]
[BlackTitle "FM"]
[WhiteElo "2650"]
[BlackElo "2564"]
[WhiteFideId "4125029"]
[BlackFideId "24175439"]
[EventDate "2017.12.26"]

1. d4 Nf6 2. c4 e6 3. Nf3 b6 4. a3 Bb7 5. Nc3 d5 6. Bg5 Be7 7. e3 Nbd7 8. Qc2
O-O 9. cxd5 exd5 10. Bd3 Re8 11. O-O Nf8 12. Ne5 N6d7 13. Bxe7 Rxe7 14. Nxd7
Qxd7 15. b4 a5 16. b5 Qd6 17. Rfc1 h5 18. Nb1 g6 19. a4 Nh7 20. Ra3 Nf6 21. Rc3
Rc8 22. Nd2 Kg7 23. Nf3 Ne4 24. Bxe4 dxe4 25. Ne5 Bd5 26. Nc6 Rd7 27. Ne5 Re7
28. f4 exf3 29. gxf3 Qf6 30. e4 Bb7 31. Qf2 Qg5+ 32. Kh1 Qf4 33. Nd3 Qd6 34. d5
f5 35. Qd4+ Kh7 36. Kg1 fxe4 37. fxe4 Rce8 38. Nf2 Qf4 39. R1c2 Bc8 40. d6 Rf7
41. Rxc7 Bd7 42. Qd2 Rxe4 43. Qxf4 Rexf4 44. R7c4 Rf3 45. Ne4 Kh6 46. h4 Rd3 47.
Rd2 Re3 48. Ng5 Re1+ 49. Kh2 Rg7 50. Re4 Rxe4 51. Nxe4 Rf7 52. Kg3 Rf5 53. Rc2
Rd5 54. Rc7 Be6 55. Rh7+ Kxh7 56. Nf6+ Kg7 57. Nxd5 Kf8 58. Nxb6 Ke8 59. Kf4 Bb3
60. Kg5 Bc2 61. Kf6 Kd8 62. Ke5 Ke8 63. Nc4 Bxa4 64. b6 Bc6 65. Nxa5 1-0

[Event "World Rapid 2017"]
[Site "Riyadh KSA"]
[Date "2017.12.28"]
[Round "14.41"]
[White "Sethuraman, S.P."]
[Black "Kryvoruchko, Yuriy"]
[Result "1/2-1/2"]
[WhiteTitle "GM"]
[BlackTitle "GM"]
[WhiteElo "2646"]
[BlackElo "2689"]
[WhiteFideId "5021596"]
[BlackFideId "14109182"]
[EventDate "2017.12.26"]

1. e4 e5 2. Nf3 Nc6 3. Bb5 Nf6 4. d3 d6 5. O-O Be7 6. c3 O-O 7. Re1 a6 8. Ba4
Re8 9. Nbd2 Bf8 10. Nf1 b5 11. Bc2 h6 12. Ng3 d5 13. exd5 Qxd5 14. h3 Bb7 15.
Ne4 Nxe4 16. dxe4 Qe6 17. Qe2 Na5 18. Nh2 c5 19. Nf1 Qg6 20. Ng3 Nc4 21. b3 Nd6
22. Ba3 Rac8 23. Rad1 b4 24. Bb2 bxc3 25. Bxc3 Nb5 26. Bb2 Nd4 27. Bxd4 cxd4 28.
Bd3 Rc3 29. Rc1 Rec8 30. Bc4 Rxc1 31. Rxc1 a5 32. Rd1 Rc6 33. Bd5 Rb6 34. Bxb7
Rxb7 35. Rc1 Qd6 36. Nf5 Qd7 37. Qc4 g6 38. Nh4 d3 39. Rd1 Rb4 40. Rxd3 Rxc4 41.
Rxd7 Rxe4 42. Nf3 Re2 43. Rd2 Rxd2 44. Nxd2 Bb4 45. Nc4 e4 46. Kf1 f5 47. Ke2
Kf7 48. f3 exf3+ 49. Kxf3 Ke6 50. a3 Bc5 51. Nxa5 Bxa3 52. Nc4 Bc5 53. g4 fxg4+ 1/2-1/2

[Event "World Rapid 2017"]
[Site "Riyadh KSA"]
[Date "2017.12.28"]
[Round "14.42"]
[White "El Adnani, Mokliss"]
[Black "Meier, Georg"]
[Result "0-1"]
[WhiteTitle "IM"]
[BlackTitle "GM"]
[WhiteElo "2448"]
[BlackElo "2650"]
[WhiteFideId "9000410"]
[BlackFideId "4675789"]
[EventDate "2017.12.26"]

1. d4 e6 2. Nf3 Nf6 3. g3 b5 4. Bg5 Be7 5. Nbd2 d5 6. Nb3 O-O 7. Bg2 Nbd7 8. O-O
h6 9. Bxf6 Bxf6 10. c3 a5 11. a4 c6 12. Re1 Ba6 13. Nfd2 bxa4 14. Rxa4 Bb5 15.
Ra2 a4 16. Na1 c5 17. e3 Qb6 18. Nc2 Rfb8 19. Na3 Bc6 20. Qc2 g6 21. Rea1 Rc8
22. Qd1 Kg7 23. Nc2 Rab8 24. Ne1 e5 25. dxe5 Nxe5 26. Nef3 Nd7 27. h4 Qd8 28.
Qc2 Rb6 29. h5 g5 30. Nh2 Ne5 31. Ndf3 Nc4 32. Bf1 Nd6 33. Nd2 Qd7 34. Be2 Rcb8
35. Ng4 Qe6 36. Nxf6 Qxf6 37. Bd1 Bd7 38. e4 dxe4 39. Nxe4 Nxe4 40. Qxe4 Rxb2
41. Rxb2 Rxb2 42. Bc2 Bc6 43. Qh7+ Kf8 44. Rd1 a3 45. Bf5 a2 46. g4 Rd2 47. Re1
Qg7 48. Ra1 Qxh7 49. Bxh7 Bf3 50. Bf5 Rd1+ 0-1

[Event "World Rapid 2017"]
[Site "Riyadh KSA"]
[Date "2017.12.28"]
[Round "14.43"]
[White "Malakhov, Vladimir"]
[Black "Ibrahimov, Rasul"]
[Result "1-0"]
[WhiteTitle "GM"]
[BlackTitle "GM"]
[WhiteElo "2686"]
[BlackElo "2518"]
[WhiteFideId "4120787"]
[BlackFideId "13400495"]
[EventDate "2017.12.26"]

1. e4 Nf6 2. e5 Nd5 3. d4 d6 4. Nf3 g6 5. exd6 cxd6 6. Be2 Bg7 7. O-O O-O 8. h3
Bf5 9. c4 Nf6 10. Nc3 d5 11. Qb3 Nc6 12. Qxb7 Na5 13. Qb4 Rb8 14. Qc5 Nxc4 15.
Nxd5 Qxd5 16. Qxd5 Nxd5 17. Bxc4 Nb4 18. Bf4 Rbc8 19. b3 Bd3 20. Bxd3 Nxd3 21.
Bg5 e6 22. Rfd1 Rc3 23. Kf1 Rfc8 24. Ke2 Nb4 25. Bd2 Rc2 26. a3 Nc6 27. Kd3 Rb2
28. Rab1 Ra2 29. Ra1 Rb2 30. Rdb1 Nxd4 31. Nxd4 Bxd4 32. Rxb2 Bxb2 33. Ra2 Rd8+
34. Ke2 Bd4 35. Rc2 f6 36. f3 Rd7 37. Rc6 Kf7 38. b4 h5 39. a4 h4 40. b5 g5 41.
Bb4 Rd5 42. Rd6 Re5+ 43. Kd3 Bg1 44. Rd7+ Kg6 45. Bc3 Rc5 46. Rd6 e5 47. Rc6
Rd5+ 48. Kc4 Rd1 49. Bxe5 Kf5 50. Bxf6 Rd2 51. Bc3 Rxg2 52. Rf6# 1-0